Apología popular de la fe cristiana: Dios y la religión

Сохранить в:
Библиографические подробности
Главный автор: Paquerie, J. L. de la (autor)
Формат:
Язык:испанский
Опубликовано: Barcelona Luis Gili 1909
Редактирование:1a. ed
Серии:Religión y Cultura
Предметы:
Метки: Добавить метку
Нет меток, Требуется 1-ая метка записи!

MARC

LEADER 00000cam a2200000 a 4500
001 UCD0839
003 CL-VaPUC
008 151218e19090000sp |||||||||||||||||spa|d
082 0 4 |a 281  |b PAQ  |2 21 
100 |a Paquerie, J. L. de la  |e autor  |9 583863 
245 1 0 |a Apología popular de la fe cristiana: Dios y la religión 
250 |a 1a. ed 
300 |a v 
942 |c BK 
945 |d 20151218 14:15:00  |a gsalatino 
260 |a Barcelona  |b Luis Gili  |c 1909 
650 0 |a Apologética  |9 269349 
650 0 |a Creencia  |9 334586 
650 0 |a Fe  |9 308036 
650 0 |a Cristianismo  |9 257361 
650 0 |a Religión   |9 255164 
583 |a last modification  |c 20151218 14:15:00  |k Rodrigo Vera 
490 0 |a Religión y Cultura 
999 |c 362276  |d 362274 
952 |0 0  |1 0  |3 erd  |4 0  |6 281_000000000000000_PAQ_1909  |7 0  |8 P  |9 473328  |a BIBTEO  |b BIBTES  |c TEO_FTES  |h v.4 t.1  |i 5273765  |o 281 PAQ 1909  |p 5273765  |r 2024-01-18  |w 2019-11-24  |y BK  |z Catalogado en:20151218  |k ICR